| 000 | 00656nam a2200217Ia 4500 | ||
|---|---|---|---|
| 005 | 20250522104526.0 | ||
| 008 | 008 250516s9999 xx 000 0 eng d | ||
| 020 | _a9780197570234 | ||
| 040 |
_aSDCL _beng _cSDCL |
||
| 041 |
_aeng _2eng |
||
| 084 |
_aV2,4'P, R4 _qSDCL |
||
| 100 |
_aDommett, Katharine _9752473 |
||
| 245 | 0 | _aData-driven campaigning and political parties : | |
| 260 |
_aNew York: _bOxford University Press, _c2024. |
||
| 300 | _a246p. | ||
| 365 |
_aUSD _b27.95 |
||
| 490 | _aJournalism and political communication unbound | ||
| 650 | _aPolitical Science | ||
| 700 |
_aKefford, GlennKruschinski, Simon _9810130 |
||
| 942 | _cTEXL | ||
| 999 |
_c1430641 _d1430641 |
||